Представление документа в формате RUSMARC

ПолеНазваниеЗначение
  Тип записи a
  Библиографический уровень m
001 Контрольный номер RU\NLR\bibl\1687388
005 Дата корректировки 20201206205113.4
010 Индекс ISBN __
a ISBN 978-5-462-01038-5 (в пер.)
d Цена 149-30
021 № государственной регистрации __
b № документа 10-71011
b № документа 433д/2010
100 Данные общей обработки __
a Данные общей обработки 19171205d2010||||||| 0rusy0189 ca
101 Язык документа 0_
a Язык текста rus
102 Страна публикации __
a Страна публикации RU|
102 Страна публикации __
a Страна публикации RU
105 Кодированные данные (монография) __
a Кодированные данные (монография) a|||d|||||1zy
200 Заглавие и сведения об ответственности 1_
a Заглавие Словарь астронимов. Звездное небо по-русски
f Первые сведения об ответственности М. Э. Рут ; Российская академия наук
b Общее обозначение материала Текст
210 Выходные данные __
a Место издания Москва
c Издательство АСТ-Пресс
d Дата издания 2010
215 Физическое описание __
a Объем 286, [1] с.
c Иллюстрации/тип воспроизводства ил.
d Формат 17 см
225 Серия __
a Серия Серия "Словари для интеллектуальных гурманов"
225 Серия __
a Серия Программа "Словари XXI века"
300 Общие примечания __
a Общие примечания 5000 экз.
320 Библиография __
a Библиография Библиография: с. 271-275
320 Библиография __
a Библиография Алфавитный указатель астронимов: с. 276-285
330 Аннотация __
a Аннотация Астрономия - одна из самых древних наук: названия звезд и созвездий (астронимы) были известны еще с незапамятных времен. В этом словаре впервые собраны русские народные астронимы. Каждое название - свидетельство яркого, образного мышления наших предков. В словарь также включены и научные астронимы, являющиеся в большинстве своем переводами латинских названий или плодом творчества астрономов XVIII -XIX вв. Увлекательные очерки расскажут об истории возникновения и развития русской астрономии. Словарь предназначен как специалистам по русскому языку и истории России, так и всем интересующимся русской культурой.
517 Другие варианты заглавия __
a Другие варианты заглавия Звездное небо по-русски
606 Тематические рубрики __
a Основная рубрика Астрономия
606 Тематические рубрики __
a Основная рубрика Звезды
610 Ключевые слова __
a Ключевые слова астронимы
a Ключевые слова Вселенная
a Ключевые слова звездные системы
a Ключевые слова история астрономии
a Ключевые слова небесные тела
a Ключевые слова планеты
a Ключевые слова созвездия
686 Индексы других классификаций __
2 Код системы rubbks
a Классификационный индекс 22.66я21; ст22.66я2
700 Автор _1
a Фамилия Рут
b Имя М. Э.
g Полное личное имя Мария Эдуардовна
4 Код отношения 070
801 Источник записи _0
a Страна RU
b Организация РГБ
c Дата составления 20171205
g Правила каталогизации RCR
801 Источник записи _2
a Страна RU
b Организация Муниципальное бюджетное учреждение культуры "Централизованная библиотечная система" г. Сургут (Центральная городская библиотека им. А. С. Пушкина)
c Дата составления 20171205
852 Данные о местонахождении __
j Шифр хранения 22.66я21
i Авторский знак Р 90
901 Тип документа __
t Тип документа m
a Ответственный КиК/Трушникова
903 Характеристики (МАРС) __
a Дата передачи 20171205
969 Тип издания __
a Тип издания словарь; справочное издание
990 Данные о заказе (DOS) __
j Количество экземпляров (DOS) 7
t N записи в КСУ для И/У (DOS) 201801